[Event "Tatry Open"]
[Site "Tatranske Zruby SVK"]
[Date "2004.09.27"]
[Round "3"]
[White "Demeter,P"]
[Black "Jandourek,L"]
[Result "1-0"]
[WhiteElo "2293"]
[BlackElo "2199"]

1.c4 c6 2.Nf3 d5 3.cxd5 cxd5 4.g3 Nc6 5.Bg2 Nf6 6.O-O e6 7.d3 Be7 8.Nc3 O-O
9.e4 dxe4 10.dxe4 e5 11.Bg5 Bg4 12.h3 Bxf3 13.Qxf3 Nd4 14.Qd3 h6 15.Bxf6 Bxf6
16.Nd5 g6 17.Rfc1 Bg7 18.Rc7 Rb8 19.h4 Qd6 20.Rac1 Rfd8 21.Bf1 Ne6 22.R7c3 Nd4
23.h5 Nc6 24.hxg6 fxg6 25.Qe3 Rd7 26.a3 Rf8 27.Bb5 Rc8 28.b4 Bf8 29.Ba4  1-0

[Event "79th ch-ARG"]
[Site "Buenos Aires ARG"]
[Date "2004.09.28"]
[Round "6"]
[White "Anelli,A"]
[Black "Tenti,J"]
[Result "1-0"]
[WhiteElo "2330"]
[BlackElo "2182"]

1.c4 c6 2.d4 d5 3.Nf3 Nf6 4.Nc3 a6 5.e3 b5 6.b3 Bg4 7.Be2 e6 8.O-O Bd6 9.Nd2 Bxe2
10.Qxe2 Bb4 11.Bb2 O-O 12.e4 dxe4 13.Ndxe4 Nbd7 14.Rfd1 Re8 15.Rd3 Qe7 16.Rad1 Rad8
17.Re3 Qf8 18.Nxf6+ Nxf6 19.Ne4 Be7 20.Ng3 Rd7 21.Qf3 Rc8 22.Red3 Qd8 23.Ne2 Qb6
24.Ba1 Rcd8 25.Nf4 Qc7 26.Bb2 bxc4 27.bxc4 c5 28.dxc5 e5 29.Rxd7 Rxd7 30.Qa8+ Bf8
31.Rxd7 Nxd7 32.Nd5 Qxc5 33.Qxa6 h6 34.g3 e4 35.Qb5 Qd6 36.a4 Ne5 37.Bxe5 Qxe5
38.a5 Qd4 39.Ne3 Bc5 40.a6 Qa1+ 41.Kg2 Bxe3 42.Qe8+ Kh7 43.Qxe4+ Kg8 44.Qxe3 Qxa6
45.Qe8+ Kh7 46.Qxf7 Qa2 47.h4 Qc2 48.Qd5 Qa2 49.Qe4+ Kh8 50.c5 Qb3 51.c6 Qf7
52.g4 Qc7 53.Qe8+ Kh7 54.Qd7 Qf4 55.Qf5+  1-0

[Event "IMA Classic"]
[Site "Gausdal NOR"]
[Date "2004.09.28"]
[Round "7"]
[White "Thompson,I"]
[Black "Westerinen,H"]
[Result "1/2-1/2"]
[WhiteElo "2235"]
[BlackElo "2371"]

1.c4 c6 2.Nf3 d5 3.e3 Nf6 4.Nc3 a6 5.b3 Bf5 6.Be2 e6 7.O-O Bd6 8.d4 Nbd7
9.Bb2 h6 10.Rc1 O-O 11.Nd2 Qe7 12.c5 Bc7 13.f4 Ne4 14.Ndxe4 dxe4 15.b4 Nf6
16.a4 Nd5 17.Nxd5 exd5 18.b5 axb5 19.axb5 Ra2 20.Qb3 Rfa8 21.Ra1 Rxa1 22.Rxa1 Rxa1+
23.Bxa1  1/2-1/2

[Event "Monarch Assurance"]
[Site "Port Erin IOM"]
[Date "2004.09.28"]
[Round "4"]
[White "Milov,V"]
[Black "Sarakauskas,G"]
[Result "1/2-1/2"]
[WhiteElo "2683"]
[BlackElo "2442"]

1.c4 c6 2.e4 d5 3.exd5 cxd5 4.cxd5 Nf6 5.Nc3 Nxd5 6.Nf3 e6 7.d4 Be7 8.Bd3 O-O
9.O-O Nxc3 10.bxc3 Qc7 11.Qe1 Nd7 12.Rb1 Rd8 13.Rb5 Nf8 14.Rh5 Rd5 15.Rh3 Ra5
16.Ne5 f6 17.Ng4 Rxa2 18.Qe3 Ra5 19.Qf3 Bd7 20.c4 Be8 21.d5 exd5 22.cxd5 Bg6
23.Bxg6 Nxg6 24.Bd2 Ra3 25.Ne3 Bc5 26.Rc1 Qd6 27.Qh5 Bxe3 28.Bxe3 Nf8 29.Rd1 Rd8
30.Bc1 Rxh3 31.Qxh3 b5 32.Qd3 a6 33.Qb3 Qc5 34.d6+ Qc4 35.Qxc4+ bxc4 36.f4 Kf7
37.Kf2 Ne6 38.f5 Nc5 39.Ke3 Re8+ 40.Kd4 Nb3+ 41.Kd5 Re5+ 42.Kxc4 Na5+ 43.Kc3 Rc5+
44.Kb4 Rxf5 45.d7 Nc6+ 46.Kc4 Ke7 47.Ba3+ Kd8 48.Rd6 Ne5+ 49.Kd4 Rf2 50.Rxa6 Rxg2
51.Kd5 Kxd7 52.Ra7+ Kc8 53.Bd6 Nf3 54.Ke4 Ng5+ 55.Kd5 Nf3 56.Ke4 Ng5+  1/2-1/2

[Event "IMB Classic"]
[Site "Gausdal NOR"]
[Date "2004.09.29"]
[Round "9"]
[White "Stokke,K"]
[Black "Glenne,BE"]
[Result "1/2-1/2"]
[WhiteElo "2192"]
[BlackElo "2213"]

1.c4 c6 2.Nf3 d5 3.d4 e6 4.Nc3 Nf6 5.Bg5 Nbd7 6.e3 Be7 7.Qc2 h6 8.Bh4 O-O
9.Rd1 Re8 10.a3 a6 11.h3 b5 12.c5 Nh5 13.Bxe7 Qxe7 14.Be2 e5 15.dxe5 Nxe5
16.Nd4 Qg5 17.Bxh5 Qxh5 18.Nce2 Qg5 19.Nf4 Nc4 20.O-O Bd7 21.Qc1 Re4 22.Nf3 Qf6
23.b3 Na5 24.Nd4 g5 25.Nh5 Qg6 26.Ng3 Re7 27.Qc3 Nb7 28.Qd3 Nxc5 29.Qxg6+ fxg6
30.Nxc6 Bxc6 31.Rc1 Nxb3 32.Rxc6 Kf7 33.Rd6 Nd2 34.Ra1 Ne4 35.Nxe4 dxe4 36.Rc1 Re6  1/2-1/2

[Event "Monarch Assurance"]
[Site "Port Erin IOM"]
[Date "2004.09.29"]
[Round "5"]
[White "Li Ruofan"]
[Black "Kolbus,D"]
[Result "1/2-1/2"]
[WhiteElo "2414"]
[BlackElo "2303"]

1.c4 c6 2.d4 d5 3.Nc3 Nf6 4.e3 Bf5 5.Qb3 Qb6 6.Qxb6 axb6 7.cxd5 Nxd5 8.Nxd5 cxd5
9.Bd2 e6 10.Nf3 Nc6 11.Bb5 f6 12.Ke2 Bd6 13.Rhc1 Kd7 14.a3 Rhc8 15.Rc3 Kd8
16.Rac1 Na7 17.Rxc8+ Rxc8 18.Rxc8+ Kxc8 19.Bd3  1/2-1/2

[Event "IMA Classic"]
[Site "Gausdal NOR"]
[Date "2004.09.30"]
[Round "10"]
[White "Collins,S IRL"]
[Black "Moskow,E"]
[Result "1-0"]
[WhiteElo "2387"]
[BlackElo "2200"]

1.c4 c6 2.e4 e5 3.Nf3 d6 4.d4 Bg4 5.Be2 Nd7 6.Nc3 Ngf6 7.Be3 Be7 8.h3 Bxf3
9.Bxf3 O-O 10.O-O Re8 11.Qb3 Qc7 12.Rac1 exd4 13.Bxd4 Nc5 14.Qc2 Ne6 15.Be3 Nd7
16.Be2 Bf6 17.Qd2 Ndc5 18.f3 a5 19.Bd1 a4 20.Bc2 Red8 21.Bb1 Qa5 22.Rfd1 Nc7
23.Qc2 g6 24.Kh1 N7e6 25.f4 Qc7 26.Qf2 Qe7 27.Rf1 Bg7 28.f5 Bxc3 29.Rxc3 Nf8
30.e5 b6 31.exd6 Rxd6 32.Bf4 Rd7 33.Re3 Qd8 34.fxg6 hxg6 35.Be5 Nh7 36.Rg3 Raa7
37.Bxg6 fxg6 38.Rxg6+ Rg7  1-0

[Event "Monarch Assurance"]
[Site "Port Erin IOM"]
[Date "2004.09.30"]
[Round "6"]
[White "Kolbus,D"]
[Black "Sarakauskas,G"]
[Result "0-1"]
[WhiteElo "2303"]
[BlackElo "2442"]

1.c4 c6 2.e4 d5 3.exd5 cxd5 4.cxd5 Nf6 5.Qa4+ Nbd7 6.Nc3 g6 7.g3 Bg7 8.Bg2 O-O
9.Nge2 Nb6 10.Qb3 Bf5 11.d3 Bxd3 12.Be3 Ng4 13.Bxb6 Qxb6 14.Qxb6 axb6 15.h3 Ne5
16.Kd2 Bxe2 17.Kxe2 Nc4 18.Rhc1 Nxb2 19.Rab1 Nc4 20.Ke1 Rac8 21.Rb3 Na5 22.Ra3 b5
23.Ne2 Rxc1+ 24.Nxc1 Bb2  0-1

[Event "TCh-Vojvodina"]
[Site "Sombor SCG"]
[Date "2004.10.01"]
[Round "9"]
[White "Laketic,G"]
[Black "Matulovic,M"]
[Result "1/2-1/2"]
[WhiteElo "2403"]
[BlackElo "2424"]

1.c4 c6 2.e4 d5 3.exd5 cxd5 4.d4 Nf6 5.Nc3 Nc6 6.Nf3 Bg4 7.cxd5 Nxd5 8.Bb5 Rc8
9.h3 Bxf3 10.Qxf3 e6 11.Nxd5 exd5 12.O-O Be7 13.Be3 O-O  1/2-1/2

[Event "Piloo Mody Open"]
[Site "Lucknow IND"]
[Date "2004.10.02"]
[Round "2"]
[White "Himanshu,Sh"]
[Black "Sundararajan,K"]
[Result "0-1"]
[WhiteElo "2376"]
[BlackElo "2452"]

1.c4 c6 2.Nc3 d5 3.cxd5 cxd5 4.d4 Nf6 5.Nf3 Nc6 6.Bf4 a6 7.e3 Bg4 8.Be2 e6
9.O-O Be7 10.h3 Bxf3 11.Bxf3 O-O 12.Rc1 Rc8 13.Be2 Na5 14.Bd3 Nc4 15.Qe2 b5
16.a4 Qa5 17.axb5 axb5 18.b3 Na3 19.Nxb5 Nxb5 20.Bxb5 Ne4 21.Bd3 Qd2 22.Rxc8 Rxc8
23.Ra1 Qxe2 24.Bxe2 g5 25.Be5 f6 26.Bg4 Rc6 27.Bb8 Nd2 28.Bd1 Rc3 29.Kh2 Nf1+
30.Kg1 Nd2 31.g3 Nxb3 32.Ra7 Kf8 33.Kg2 Nd2 34.Ra6 Rc8 35.Ba7 Rc7 36.Bg4 f5
37.Bh5 Rb7 38.Bb6 Nc4 39.Ra8+ Kg7  0-1

[Event "Monarch Assurance"]
[Site "Port Erin IOM"]
[Date "2004.10.02"]
[Round "8"]
[White "McNab,C"]
[Black "Hutchinson,P"]
[Result "1-0"]
[WhiteElo "2427"]
[BlackElo "2216"]

1.c4 c6 2.Nf3 d5 3.e3 Nf6 4.Nc3 a6 5.b3 Bg4 6.Be2 e6 7.h3 Bxf3 8.Bxf3 Nbd7
9.O-O Ne5 10.Be2 d4 11.Na4 c5 12.d3 Nc6 13.e4 Nd7 14.f4 Qc7 15.Bf3 e5 16.f5 Be7
17.g3 f6 18.Bh5+ Kf8 19.Kg2 Bd6 20.Bd2 Ke7 21.a3 b6 22.b4 Nd8 23.Rb1 Nf7
24.Rb2 Rhb8 25.Qg4 Kf8 26.Rfb1 Qc6 27.Qd1 Bc7 28.h4 Nd6 29.Bf3 Kg8 30.g4 Re8
31.bxc5 bxc5 32.Kh3 Rab8 33.Rxb8 Rxb8 34.Rxb8+ Bxb8 35.Qc2 Bc7 36.Nb2 Nf8
37.Bd1 Qb7 38.Be1 g6 39.Qg2 Bd8 40.Ba4 Kg7 41.Bg3 Ba5 42.Nd1 Kh8 43.Qf3 Qg7
44.Bc6 g5 45.Qe2 Qc7 46.Bd5 h6 47.Qh2 Nc8 48.Nf2 Nd7 49.Kg2 Kg7 50.hxg5 hxg5
51.Qh5 Nf8 52.Nh3 Qe7 53.Nxg5 Nd6 54.Ne6+ Nxe6 55.Bxe6 Qe8 56.Qxe8 Nxe8 57.Bc8 Nc7
58.g5 Bd2 59.gxf6+ Kxf6 60.Kf3 Bc1 61.a4 Bg5 62.Kg4 Ne8 63.Bxa6 Nd6 64.Bb5 Nxe4
65.dxe4 Bd2 66.Bh4+  1-0

[Event "Premier League"]
[Site "Belgrade SCG"]
[Date "2004.10.03"]
[Round "9"]
[White "Dimitrijevic,A"]
[Black "Drazic,S"]
[Result "1-0"]
[WhiteElo "2292"]
[BlackElo "2461"]

1.c4 c6 2.Nf3 Nf6 3.Nc3 d5 4.e3 g6 5.b3 Bg7 6.Bb2 Bg4 7.Be2 Ne4 8.Qc2 Bxf3
9.Bxf3 Nxc3 10.Bxc3 O-O 11.h4 e5 12.h5 f5 13.hxg6 hxg6 14.cxd5 cxd5 15.g4 Nc6
16.gxf5 gxf5 17.O-O-O Rc8 18.Kb1 Nb4 19.Qb2 Nd3 20.Qa1 d4 21.exd4 exd4 22.Bb2 Nxf2
23.Rdg1 Ng4 24.Bxg4 fxg4 25.Rxg4 Qf6 26.Rxg7+ Qxg7 27.a4 Rf4 28.Ka2 Kf7 29.Qb1 Qg6
30.Rh7+ Kf6 31.Qh1 Ke5 32.Qxb7 Rc6 33.Qb5+ Ke4 34.Qe2+ Kf5 35.Rh5+ Kf6 36.Qe5+ Kf7
37.Qxf4+ Rf6 38.Qxd4 Qxh5 39.Qxf6+ Ke8 40.Qh8+  1-0

[Event "Monarch Assurance"]
[Site "Port Erin IOM"]
[Date "2004.10.03"]
[Round "9"]
[White "Skripchenko,A"]
[Black "Almond,R"]
[Result "1-0"]
[WhiteElo "2453"]
[BlackElo "2113"]

1.c4 c6 2.e4 d5 3.exd5 cxd5 4.cxd5 Nf6 5.Bb5+ Nbd7 6.Nc3 g6 7.d4 Bg7 8.Nge2 O-O
9.Nf4 Nb6 10.Qb3 Qd6 11.Be2 Bf5 12.h3 h6 13.Bf3 g5 14.Nfe2 Bd3 15.Ng3 Qd7
16.Qd1 Bg6 17.h4 g4 18.Be2 Nbxd5 19.h5 Bh7 20.Nxd5 Qxd5 21.Be3 Qxg2 22.Bxg4 Nxg4
23.Qxg4 Kh8 24.Qh3 Qf3 25.Ne2 Qe4 26.Rg1 Rg8 27.Rc1 Bf5 28.Qg2 Qxg2 29.Rxg2 Rac8
30.Nc3 Kh7 31.Ke2 Bf6 32.Rxg8 Rxg8 33.Nd5 Bh4 34.Rc7 Bg4+ 35.Kd2 Bxh5 36.Rxb7 Rg2
37.Nf4 Rg5 38.Rxe7 Rf5 39.Rxa7 Bf3 40.Nd3 Be4 41.Ne5 Kg7 42.Ke2 Bd8 43.f3 Bc2
44.Kd2 h5 45.Kxc2 h4 46.Nxf7  1-0

[Event "Monarch Assurance"]
[Site "Port Erin IOM"]
[Date "2004.10.03"]
[Round "9"]
[White "Greet,A"]
[Black "Houska,Jo"]
[Result "0-1"]
[WhiteElo "2310"]
[BlackElo "2375"]

1.c4 c6 2.e4 d5 3.exd5 Nf6 4.d4 cxd5 5.Nc3 e6 6.Nf3 Bb4 7.cxd5 Nxd5 8.Bd2 O-O
9.Bd3 Be7 10.O-O Nc6 11.a3 Nf6 12.Be3 b6 13.Qe2 Bb7 14.Rad1 Qc7 15.Rfe1 Rad8
16.Bb1 Nd5 17.Qc2 g6 18.Nxd5 Rxd5 19.Ba2 Rd7 20.h4 Ne5 21.dxe5 Qxc2 22.Rxd7 Bxf3
23.Rxe7 Qxb2 24.Bh6 Qxa2 25.Bxf8 Kxf8 26.Rxa7 Bd5 27.Ra4 b5 28.Rb4 Qxa3 29.Rxb5 Qa4
30.Rb8+ Kg7 31.Re3 Qxh4 32.Rb1 Qg5  0-1

[Event "Open"]
[Site "Winterthur SUI"]
[Date "2004.10.04"]
[Round "4"]
[White "Haas,C"]
[Black "Buergi,J"]
[Result "1-0"]
[WhiteElo "2199"]
[BlackElo "2011"]

1.c4 c6 2.d4 d5 3.Nc3 e6 4.Nf3 Bd6 5.e4 dxe4 6.Nxe4 Be7 7.Be2 Nd7 8.O-O Ngf6
9.Ng3 h5 10.Bg5 Ng8 11.Be3 h4 12.Ne4 Ngf6 13.Nfg5 Ng4 14.Bf4 Nf8 15.h3 Ng6
16.Bd2 Nf6 17.Qc2 Qc7 18.Nxf7 Nf4 19.Bxf4 Qxf4 20.Nxh8  1-0

[Event "Open"]
[Site "Guernsey GCI"]
[Date "2004.10.05"]
[Round "3"]
[White "Downey,K"]
[Black "Ruston,M"]
[Result "0-1"]
[WhiteElo "2060"]
[BlackElo "2114"]

1.c4 c6 2.d4 d5 3.cxd5 cxd5 4.Nc3 Nf6 5.Bf4 Nc6 6.Nf3 a6 7.e3 Bg4 8.Be2 e6
9.Rc1 Bxf3 10.Bxf3 Bd6 11.Bg3 Rc8 12.O-O Bxg3 13.hxg3 h5 14.e4 dxe4 15.Nxe4 h4
16.Nxf6+ Qxf6 17.d5 Rd8 18.dxc6 Rxd1 19.Rfxd1 bxc6 20.Bxc6+ Kf8 21.Bb7 g6
22.Rc8+ Kg7 23.Rxh8 Kxh8 24.gxh4 a5 25.Rd2 Qe5 26.Rc2 Qd4 27.Bf3 Qxh4 28.b3 Qd4
29.Re2 Kg7 30.g3 g5 31.Kg2 g4 32.Bc6 Qd1 33.Re5 Qd6 34.Rxa5 Qxc6+ 35.Kg1 Qc1+
36.Kg2 Kf6 37.b4 Qc3 38.a3 e5 39.Ra6+ Kf5 40.b5 Qf3+ 41.Kg1 Qd1+  0-1

[Event "1st TCh-WSen"]
[Site "Port Erin IOM"]
[Date "2004.10.06"]
[Round "2"]
[White "Hohler,P"]
[Black "Malich,B"]
[Result "1/2-1/2"]
[WhiteElo "2248"]
[BlackElo "2360"]

1.c4 c6 2.Nf3 Nf6 3.d4 d5 4.e3 g6 5.Nc3 Bg7 6.h3 O-O 7.Bd3 e6 8.O-O Nbd7
9.Bd2 b6 10.Rc1 Bb7 11.Qe2 Qb8 12.e4 dxe4 13.Nxe4 Nxe4 14.Bxe4 c5 15.Bxb7 Qxb7
16.Bc3 cxd4 17.Bxd4 e5 18.Bc3 Rfe8 19.Rfd1 Nc5 20.b3 e4 21.Ne1 f5 22.Qe3 Rad8
23.g3 a6 24.Bxg7 Kxg7 25.Rd2 Qc7 26.Rcd1 Rxd2 27.Rxd2 Rd8 28.Kf1 Rd7 29.Rxd7+ Qxd7
30.Ke2 a5 31.Qd2  1/2-1/2

[Event "FSGM October"]
[Site "Budapest HUN"]
[Date "2004.10.09"]
[Round "8"]
[White "Seres,L"]
[Black "Erdos,V"]
[Result "1/2-1/2"]
[WhiteElo "2448"]
[BlackElo "2454"]

1.c4 c6 2.e4 d5 3.exd5 cxd5 4.d4 Nf6 5.Nc3 g6 6.Qb3 Bg7 7.cxd5 O-O 8.Be2 Nbd7
9.Bf3 Nb6 10.a4 a5 11.Nge2 Bf5 12.O-O Bd3 13.d6 exd6 14.Bxb7 Rb8 15.Bf3 Nbd5
16.Qd1 Nb4 17.Be3 d5 18.Bg5 Re8 19.Qd2 Bc4 20.Rfd1 Qd7 21.Ng3 Rb6 22.h3 Reb8
23.Be2 Bxe2 24.Qxe2 Re8 25.Qf3 Ne4 26.Ngxe4 dxe4 27.Nxe4 Nc2 28.Rac1 Nxd4
29.Qd3 Qxa4 30.Rc4 Rb4 31.Rxb4 axb4 32.Nf6+ Bxf6 33.Bxf6 Ne6 34.Rc1 Nf4 35.Qd2 Ne2+
36.Kh2 Qa6 37.Qd7 Rb8 38.Qc6 Qa7 39.Rf1  1/2-1/2

[Event "36th Olympiad"]
[Site "Calvia ESP"]
[Date "2004.10.17"]
[Round "3"]
[White "Quinn,M"]
[Black "Pinheiro,J"]
[Result "1/2-1/2"]
[WhiteElo "2409"]
[BlackElo "2310"]

1.c4 c6 2.d4 d5 3.Nf3 e6 4.Qc2 Nf6 5.Bg5 Be7 6.cxd5 cxd5 7.Nc3 Nc6 8.e3 O-O
9.a3 h6 10.Bh4 b6 11.Bd3 Bb7 12.O-O Rc8 13.Nd2 Na5 14.Bxf6 Bxf6 15.f4 Qd6
16.Rae1 a6 17.Nf3 Nc4 18.Ne5 Rc7 19.Ng4 Bh4 20.g3 Be7 21.f5 exf5 22.Bxf5 h5
23.Nf2 Bg5 24.Nfd1 Qh6 25.Rf3 Re7 26.Qd3 Rfe8 27.h4 Bxe3+ 28.Nxe3 Rxe3 29.Rexe3 Rxe3
30.Rxe3 Qxe3+ 31.Qxe3 Nxe3 32.Bd3 Nc4 33.Bxc4 dxc4 34.Na4 b5 35.Nc5 Bc6 36.Nxa6 f6
37.Kf2 Kf7 38.Nb4 Bd7 39.d5 Ke7 40.Ke3 Kd6 41.Kd4 g5 42.Na2 gxh4 43.gxh4 Be8
44.Nc3 f5 45.Ne2 Bg6 46.Nc3 Be8 47.Ne2 Bg6  1/2-1/2

[Event "36th Olympiad"]
[Site "Calvia ESP"]
[Date "2004.10.18"]
[Round "4"]
[White "Cvitan,O"]
[Black "Arlandi,E"]
[Result "1/2-1/2"]
[WhiteElo "2532"]
[BlackElo "2440"]

1.c4 c6 2.e4 d5 3.exd5 cxd5 4.cxd5 Nf6 5.Nc3 Nxd5 6.Nf3 Nc6 7.Bb5 e6 8.O-O Be7
9.d4 O-O 10.Re1 Bf6 11.Bxc6 Nxc3 12.bxc3 bxc6 13.Ba3 Re8 14.Qa4 Qc7 15.Ne5 Bd7
16.Bc5 Be7 17.Qa3 Bxc5 18.Qxc5 Rab8 19.Rab1 f6 20.Nc4 Rxb1 21.Rxb1 Rb8 22.Rb3 Rxb3
23.axb3 Be8 24.Nd6 Bg6 25.b4 Qd7 26.h3 h5 27.h4 Kh7 28.f3 Kh6 29.Kf2 Bc2
30.Ke3 a6 31.Kf2 Bg6 32.Nc4 Qd5 33.Qxd5 cxd5 34.Nd6 Bd3 35.Nb7 Bb5 36.Nc5 e5
37.Ke3 Kg6 38.g3  1/2-1/2

[Event "36th Olympiad"]
[Site "Calvia ESP"]
[Date "2004.10.18"]
[Round "4"]
[White "Ermenkov,E"]
[Black "Ovalle,R"]
[Result "1-0"]
[WhiteElo "2454"]
[BlackElo "2184"]

1.c4 c6 2.d4 d5 3.Bf4 Nf6 4.e3 g6 5.Nc3 Bg7 6.h3 O-O 7.Nf3 Ne4 8.Bd3 Nxc3
9.bxc3 Nd7 10.cxd5 cxd5 11.O-O Nb6 12.a4 Bf5 13.Bxf5 gxf5 14.Qd3 Qc8 15.Nd2 f6
16.Bh2 Kh8 17.a5 Nc4 18.Nxc4 dxc4 19.Qe2 Qc6 20.Rfb1 b5 21.a6 e5 22.Qf3 Qxf3
23.gxf3 Rab8 24.Ra5 Rb6 25.Rbxb5 Rfb8 26.Rxb6 Rxb6 27.Rc5 Kg8 28.Rc8+ Kf7
29.Rc7+ Kg6 30.Rxa7 f4 31.exf4 exd4 32.f5+ Kxf5 33.Rxg7 dxc3 34.a7 Ra6 35.Rc7 Ra4
36.Rc5+ Ke6 37.Rxc4  1-0

[Event "36th Olympiad w"]
[Site "Calvia ESP"]
[Date "2004.10.19"]
[Round "5"]
[White "Sedina,E"]
[Black "Cast,A"]
[Result "1/2-1/2"]
[WhiteElo "2431"]
[BlackElo "2082"]

1.c4 c6 2.e4 d5 3.exd5 cxd5 4.cxd5 Nf6 5.Nc3 g6 6.Bc4 Bg7 7.Nf3 O-O 8.O-O Nbd7
9.d4 Nb6 10.Bb3 Nbxd5 11.Re1 e6 12.Bg5 h6 13.Bh4 g5 14.Bg3 a6 15.Ne5 Nb4
16.Rc1 Nc6 17.Nxc6 bxc6 18.h4 Nd5 19.hxg5 hxg5 20.Qh5 f5 21.Nxd5 cxd5 22.Rc7 f4
23.Bc2 Rf5 24.Bxf5 Qxc7 25.Qe8+ Bf8 26.Bxe6+ Bxe6 27.Qxe6+ Kg7 28.Qxd5 fxg3
29.fxg3 Qxg3 30.Qb7+ Kh6 31.Qxa8 Qxe1+ 32.Kh2 Qh4+ 33.Kg1 Qe1+ 34.Kh2 Qf2  1/2-1/2

[Event "36th Olympiad"]
[Site "Calvia ESP"]
[Date "2004.10.22"]
[Round "7"]
[White "Lim Yee Weng"]
[Black "Al Zayat,A"]
[Result "1-0"]
[WhiteElo "2346"]
[BlackElo "1958"]

1.c4 c6 2.e4 e5 3.Nf3 Nf6 4.Nxe5 d6 5.Nf3 Nxe4 6.Nc3 Nxc3 7.dxc3 Bg4 8.h3 Bh5
9.Be2 Be7 10.Bf4 Na6 11.Qd2 O-O 12.O-O Qb6 13.Rfe1 Rad8 14.Bd3 Bf6 15.Bg5 Bxg5
16.Nxg5 h6 17.Ne4 Bg6 18.Qc2 Bxe4 19.Bxe4 Nc5 20.Bf3 a5 21.b3 Ne6 22.Qd3 Qc5
23.Bd1 Nf4 24.Qf3 Ng6 25.Bc2 d5 26.Qf5 Rd6 27.Re3 Rf6 28.Qd3 dxc4 29.bxc4 Rd6
30.Qe2 Nf4 31.Qf3 Rf6 32.Rae1 g6 33.Re4 Nxh3+ 34.Qxh3 Qxf2+ 35.Kh2 Qxc2 36.Qxh6 Rf5
37.Rh4 Rh5 38.Rxh5 gxh5 39.Re5 Qh7 40.Rg5+  1-0

[Event "36th Olympiad"]
[Site "Calvia ESP"]
[Date "2004.10.22"]
[Round "7"]
[White "Valdes,Le"]
[Black "Jodorcovsky,P"]
[Result "1/2-1/2"]
[WhiteElo "2372"]
[BlackElo "2278"]

1.c4 c6 2.Nf3 d5 3.b3 Nf6 4.g3 Bf5 5.Bg2 h6 6.Bb2 e6 7.O-O Be7 8.d3 O-O 9.Nbd2 a5
10.a3 Nbd7 11.Qc2 Bh7 12.Bc3 b5 13.cxb5 cxb5 14.Bd4 Qb8 15.Rfc1 Rc8 16.Qb2 Bd6
17.Rxc8+ Qxc8 18.Rc1 Qf8 19.Nb1 Rc8 20.Rxc8 Qxc8 21.Bh3 Qc6 22.b4 axb4 23.axb4 Bg6
24.Nbd2 Bh5 25.Bc3 Bxf3 26.Nxf3 Qa8 27.Bf1 Ne8 28.e3 Nb6 29.Bd2 Nc7 30.Qd4 Nd7
31.Qh4 Qf8 32.Qd4 Na6 33.Qa7 Qc8 34.Qd4 Qc6 35.Qh4 Qc8 36.Nd4 Nc7 37.Nc6 Qf8
38.d4 Nb8 39.Nxb8 Qxb8 40.e4 Qf8 41.exd5 Nxd5 42.Bxb5 Bxb4 43.Bxb4 Qxb4 44.Qd8+ Kh7
45.Qe8 Qb1+ 46.Bf1 Qf5 47.Qb5 g6 48.h4 h5 49.Qe2 Nf6 50.Qd2 Kg7 51.Qe3 Ng4
52.Qd2 Nf6 53.Qe3 Qd5 54.Bg2 Qd6 55.Bf3 Qc7 56.Kg2 Qd6 57.Qc3 Qd8 58.Qc5 Qb8  1/2-1/2

[Event "36th Olympiad"]
[Site "Calvia ESP"]
[Date "2004.10.22"]
[Round "7"]
[White "Lie,K"]
[Black "Ghane,S"]
[Result "1-0"]
[WhiteElo "2474"]
[BlackElo "2376"]

1.c4 c6 2.g3 d5 3.Bg2 Nf6 4.Nf3 dxc4 5.Qc2 Qd5 6.Nc3 Qa5 7.b3 Be6 8.bxc4 Bxc4
9.Rb1 Ba6 10.O-O e6 11.d4 Nbd7 12.Re1 Be7 13.e4 O-O 14.Bd2 Qd8 15.a4 Rc8
16.Qa2 Re8 17.a5 Bf8 18.Bf4 h6 19.Red1 Qe7 20.Qc2 Red8 21.h3 Ne8 22.g4 Nd6
23.g5 Nc4 24.gxh6 Na3 25.Qc1 Nxb1 26.Qxb1 Qa3 27.h7+ Kxh7 28.Ng5+ Kg8 29.e5 g6
30.Nce4 Qb4 31.Qc2 Qc4 32.Qb1 Qb5 33.Qc1 Qc4 34.Qe3 Qe2 35.Qb3 Bc4 36.Qb1 Qa2
37.Qc1 c5 38.Rd2 Qa4 39.Qc3 Qb3 40.Qa1 Bd3 41.d5 Qb1+ 42.Qxb1 Bxb1 43.dxe6 fxe6
44.Nxe6 Bxe4 45.Bxe4 Re8 46.Rxd7 Rxe6 47.Bd5 Re8 48.Rxb7 Kh8 49.Bxe6 Rxe6
50.Rxa7 Rc6 51.a6 c4 52.Ra8 Kg7 53.a7 Ra6 54.Be3  1-0

[Event "36th Olympiad"]
[Site "Calvia ESP"]
[Date "2004.10.23"]
[Round "8"]
[White "Gonzalez Zamora,J"]
[Black "Johannessen,LE"]
[Result "1-0"]
[WhiteElo "2524"]
[BlackElo "2519"]

1.c4 c6 2.Nf3 d5 3.e3 Nf6 4.Nc3 a6 5.d4 b5 6.b3 Bg4 7.Be2 e6 8.O-O Nbd7 9.Bb2 Bd6
10.Ne5 Bxe2 11.Nxe2 Qc7 12.cxd5 cxd5 13.Rc1 Qb8 14.Nc6 Qb7 15.Qd3 O-O 16.Rc2 Rac8
17.Rfc1 Nb6 18.Qd1 Qa8 19.Qe1 Rc7 20.Qa5 Qb7 21.Ba3 Bxa3 22.Qxa3 Rfc8 23.Nb4 Rxc2
24.Rxc2 Rxc2 25.Nxc2 Na8 26.f3 Nc7 27.Nb4 Nfe8 28.Qa5 Nd6 29.Nxa6 Qxa6 30.Qxc7 h6
31.Kf2 g6 32.g4 Kg7 33.h4 Ne8 34.Qe7 Nd6 35.Qd7 Qb6 36.Nf4 Kg8 37.Kg3 Qb8
38.Kh3 Qb6 39.Nd3 Qa6 40.Nb4 Qb6 41.Nc6 Nb7 42.h5 gxh5 43.gxh5 Kg7 44.a3 Qa6
45.Kg3 b4 46.axb4 Qf1 47.Qc7 Qg1+ 48.Kh3 Qh1+ 49.Kg4 Qg1+ 50.Qg3 Qxe3 51.Qe5+  1-0

[Event "Aiacciu Masters"]
[Site "Ajaccio FRA"]
[Date "2004.10.25"]
[Round "2.1"]
[White "Gurevich,M"]
[Black "Krivoshey,S"]
[Result "1-0"]
[WhiteElo "2644"]
[BlackElo "2499"]

1.c4 c6 2.Nf3 d5 3.e3 Nf6 4.Qc2 e6 5.b3 Nbd7 6.Bb2 Bd6 7.Nc3 O-O 8.Be2 Re8
9.d4 a6 10.O-O dxc4 11.bxc4 e5 12.h3 c5 13.Rad1 Qe7 14.dxe5 Nxe5 15.Ng5 Ng6
16.Nd5 Nxd5 17.Rxd5 f6 18.Nxh7 Ne5 19.f4 Nf7 20.Nxf6+ gxf6 21.Qg6+ Kf8 22.Bxf6 Qxe3+
23.Kh1 Re6 24.Bh5 Rxf6 25.Qxf6 Be6 26.Rxd6  1-0

[Event "36th Olympiad w"]
[Site "Calvia ESP"]
[Date "2004.10.25"]
[Round "10"]
[White "Prudnikova,S"]
[Black "Houska,Jo"]
[Result "1/2-1/2"]
[WhiteElo "2402"]
[BlackElo "2298"]

1.c4 c6 2.e4 d5 3.exd5 Nf6 4.d4 cxd5 5.Nc3 e6 6.Nf3 Bb4 7.Bd3 dxc4 8.Bxc4 O-O
9.O-O a6 10.a4 Nc6 11.Be3 Bd7 12.Qe2 Rc8 13.Bd3 Be7 14.Ne5 Nb4 15.Bc4 Bc6
16.f4 Bd5 17.f5 exf5 18.Rxf5 Bxc4 19.Nxc4 Rxc4 20.Qxc4 Nc2 21.Bg5 Nxa1 22.Nd5 Qd7
23.Bxf6 gxf6 24.Rf1 b5 25.Qc6 Rd8 26.Qxd7 Rxd7 27.Nxe7+ Rxe7 28.Rxa1 Re2
29.axb5 axb5 30.Rf1 Kg7 31.Rf2 Re1+ 32.Rf1 Re2 33.Rf2 Re1+ 34.Rf1  1/2-1/2

[Event "3rd Masters"]
[Site "Rosny sous bois FRA"]
[Date "2004.10.25"]
[Round "3"]
[White "Bogdanov,E"]
[Black "Amigues,E"]
[Result "1-0"]
[WhiteElo "2234"]
[BlackElo "2378"]

1.c4 c6 2.Nf3 d5 3.cxd5 cxd5 4.d4 Nf6 5.Nc3 e6 6.Bg5 Be7 7.e3 Nc6 8.Bd3 h6
9.Bh4 O-O 10.O-O Bd7 11.Rc1 Rc8 12.Ne5 Ne8 13.Bxe7 Nxe7 14.Qb3 Nd6 15.Qa3 Be8
16.Qxa7 f6 17.Nf3 Ra8 18.Qc5 Nc6 19.a4 b6 20.Qa3 Na5 21.b3 Bh5 22.Nd2 f5
23.f4 g5 24.Nb5 Nxb5 25.Bxb5 Ra7 26.g3 Rg7 27.Qb4 Kh7 28.Ba6 Qb8 29.Rc3 Rfg8
30.Kf2 Be8 31.Rfc1 Bd7 32.Rc7 Nc6 33.Qd6  1-0

[Event "36th Olympiad"]
[Site "Calvia ESP"]
[Date "2004.10.27"]
[Round "12"]
[White "Amir,K"]
[Black "Cuartas,Ja"]
[Result "0-1"]
[WhiteElo "2250"]
[BlackElo "2452"]

1.c4 c6 2.Nf3 d5 3.cxd5 cxd5 4.g3 Nc6 5.Bg2 Nf6 6.d4 e6 7.O-O Be7 8.a3 O-O
9.b4 Ne4 10.Bb2 Nd6 11.Nbd2 a5 12.Qb3 b5 13.Ne5 Nxe5 14.dxe5 Nc4 15.Nf3 Nxb2
16.Qxb2 axb4 17.axb4 Ra4 18.Rxa4 bxa4 19.Nd4 Qb6 20.Rb1 Bd7 21.e3 Rb8 22.b5 a3
23.Qa1 Qc7 24.Bf1 Bf8 25.f4 Qa5 26.Qa2 Qc3 27.Kf2 Bc5 28.Rb3 Qa5 29.Bd3 g6
30.Ke2 Ra8 31.Rb1 Qa4 32.Rb3 Bxd4 33.exd4 Qxb3 34.Qxb3 a2 35.b6 a1=Q 36.b7 Rb8
37.Qb6 Qc3 38.Ba6 Qc6 39.Qa5 h5 40.h3 Kg7 41.h4 Qc2+ 42.Kf1 Ba4 43.Qb6 Qc6
44.Qa7 Bb5+ 45.Ke1 Bxa6 46.Qxb8 Qc1+ 47.Kf2 Qf1+  0-1

[Event "36th Olympiad"]
[Site "Calvia ESP"]
[Date "2004.10.28"]
[Round "13"]
[White "Ducros Salva,A"]
[Black "Chan Peng Kong"]
[Result "0-1"]
[WhiteElo "2204"]
[BlackElo "2339"]

1.c4 c6 2.g3 d5 3.Nf3 Nf6 4.Bg2 dxc4 5.a4 Na6 6.Qc2 Qd5 7.Na3 Be6 8.O-O Nc5
9.Nh4 Qd4 10.Nf3 Qg4 11.h3 Qg6 12.Qxg6 hxg6 13.Ng5 Bd5 14.Re1 Nfe4 15.Nxe4 Nxe4
16.Nc2 e5 17.d3 Nf6 18.d4 exd4 19.Nxd4 Bxg2 20.Kxg2 O-O-O 21.Nc2 Rd7 22.Be3 Nd5
23.Rac1 c3 24.b3 Nxe3+ 25.Nxe3 Bb4 26.Red1 Rhd8 27.Rxd7 Rxd7 28.Nc4 b5 29.Ne5 Rc7
30.e3 Bd6 31.Nf3 b4 32.Nd4 Be5 33.Nf3 Bf6 34.g4 g5 35.e4 c5 36.e5 Be7 37.Rc2 Kd7
38.Kf1 c4 39.bxc4 Rxc4 40.Ke2 b3 41.Rc1 b2 42.Rd1+ Ke6  0-1

[Event "36th Olympiad w"]
[Site "Calvia ESP"]
[Date "2004.10.28"]
[Round "13"]
[White "Rogule,L"]
[Black "Le Kieu Thien Kim"]
[Result "0-1"]
[WhiteElo "2295"]
[BlackElo "2329"]

1.c4 c6 2.Nc3 Nf6 3.Nf3 d5 4.d4 dxc4 5.Ne5 e6 6.Bg5 h6 7.Bh4 b5 8.g4 Nbd7
9.Bg2 Bb7 10.Nxc6 Qb6 11.d5 Bc5 12.O-O O-O 13.b4 cxb3 14.Qxb3 Rac8 15.e4 Nxg4
16.Rad1 Bxc6 17.dxc6 Nde5 18.h3 Ng6 19.Bg3 N4e5 20.c7 Qxc7 21.Kh1 a6 22.Ne2 Qb6
23.f4 Nc4 24.f5 Nge5 25.f6 g6 26.Bf4 Be3 27.Bh2 Rfd8 28.Nf4 Rxd1 29.Rxd1 Nd2
30.Qb2 Nec4 31.Qc2 Qd4 32.Ne2 Qxf6 33.e5 Qe7 34.Ng3 Rd8 35.Re1 Qh4 36.Re2 Bf4
37.Be4 Nxe4 38.Nxe4 Bxh2 39.Nf6+ Kg7 40.Kxh2 Nxe5 41.Rf2 Rd3 42.Ne8+ Kh8  0-1

[Event "36th Olympiad"]
[Site "Calvia ESP"]
[Date "2004.10.28"]
[Round "13"]
[White "Braga,C"]
[Black "Quinn,M"]
[Result "1/2-1/2"]
[WhiteElo "2441"]
[BlackElo "2409"]

1.c4 c6 2.e4 e5 3.Nf3 Qa5 4.Nc3 Nf6 5.Be2 d6 6.O-O Bg4 7.d4 Bxf3 8.Bxf3 Nbd7
9.a3 Be7 10.Be3 O-O 11.b4 Qc7 12.Rc1 Rfe8 13.Qd2 a6 14.Rfd1 Bf8 15.d5 c5
16.Na4 b6 17.Rb1 Reb8 18.Rdc1 Rb7 19.Qd3 b5  1/2-1/2